Quel animal fait ce cri ? - Statistiques

Statistiques générales
  • Ce quiz a été pris 130 fois
  • Le résultat moyen est 21 sur 83
Statistiques - réponses
Cri Animal(aux) % Correct
Aboiement Chacal | Chevreuil | Chien
99%
Bêlement Mouton | Brebis | Chèvre | Girafe | Mouton | Otarie | Bouc | Phoque
79%
Beuglement Boeuf | Buffle | Courlis | Vache
65%
Brame Biche | Cerf | Chevreuil | Daim
64%
Miaulement Buse | Chat | Panthère | Tigre | Hibou
62%
Hennissement Cheval | Lama | Zèbre
59%
Rugissement Lion | Otarie | Panthère | Phoque | Tigre
58%
Ronronnement Chat | Tigre
56%
Barrissement Eléphant | Rhinocéros
56%
Meuglement Boeuf | Buffle | Girafe | Vache
53%
Coassement Crapaud | Grenouille
53%
Caquettement Poule | Canard
53%
Hululement Chouette | Hibou
52%
Hurlement Chien | Hyène | Loup | Ours | Singe
49%
Roucoulement Colombe | Ramier | Tourterelle | Pigeon
48%
Chevrotement Bouc | Chèvre
47%
Feulement Chat | Panthère |Tigre
44%
Grognement Chien | Cochon | Hippopotame | Lion | Loup | Otarie | Ours | Sanglier
42%
Croassement Corbeau | Corneille | Perroquet
42%
Jappement Chacal | Chien | Renard
42%
Ricanement Hyène
42%
Bavardage Merle | Pie
42%
Braiement Ane | Manchot | Pingouin
40%
Bramement Cerf
39%
Gloussement Dindon | Oie | Poule | Perdrix
39%
Cancan Canard | Perroquet
38%
Glougloutement Dindon
37%
Glapissement Faisan | Epervier | Lapin | Renard
37%
Jacassement Perruche | Pie
37%
Clapissement Lapin
35%
Mugissement Boeuf | Girafe | Vache | Taureau
32%
Blatèrement Bélier | Chameau
29%
Chant Baleine | Coq | Merle | Orque | Chant | Alouette | Cygne | Rossignol
28%
Couinement Cochon | Lapin | Lièvre | Rat | Souris
25%
Grondement Ours | Chien
25%
Cacardement Jars | Oie | Geai
23%
Coucouement Coucou
22%
Pépiement Moineau | Poussin
22%
Croaillement Corbeau | Corneille | Perroquet
21%
Sifflement Crapaud | Cygne | Dauphin | Marmotte | Oie | Merle | Perroquet |Perruqche
19%
Piaillement Moineau | Poulet | Singe | Faisan | Perroquet | Singe
19%
Rairement Biche | Cerf | Chevreuil | Daim
18%
Claquetement Cigogne | Grue | Poule
17%
Jasement Merle | Pie | Perroquet | Etourneau
17%
Gromellement Sanglier | Ours
16%
Belottement Belette
15%
Causerie Pie | Perroquet
15%
Cri Singe | Grillon
14%
Béguètement Bouc | Chèvre
12%
Coquelinement Coq
12%
Boubelement Hibou
12%
Bubulement Hibou
12%
Agassement Pie
12%
Caracoulement Ramier | Pigeon | Tourterelle
12%
Nasillement Sanglier | Canard | Chien
12%
Cloussement Poule
11%
Chicotement Rat | Souris
11%
Trompetement Aigle | Cygne | Grue | Renard
9%
Coraillement Corbeau
9%
Zinzinulement Colibri | Mésange | Fauvette | Roitelet
8%
Chuintement Chouette
6%
Vagissement Crocodile | Lièvre
6%
Jabotage Perruche | Manchot | Pigeon | Pingouin
6%
Barètement Rhinocéros
6%
Glatissement Aigle
5%
Cacabement Caille | Perdrix | Pintade
5%
Craquement Cigogne | Grue | Perroquet
5%
Lamentement Crocodile | Chouette
5%
Chuchétement Moineau
5%
Croulement Bécasse
4%
Râle Chevreuil
4%
Pleur Crocodile | Goêland
4%
Drensement Cygne
4%
Gazouillement Hirondelle
4%
Braillement Paon
4%
Piaulement Albatros | Buse | Chacal | Poulet | Rat
3%
Tirellement Alouette
3%
Coucouannement Bécasse
3%
Soufflement Buffle
3%
Grincement Chauve-souris
3%
Gémissement Colombe | Ramier | Tourterelle
3%
Grisollement Alouette
2%
Piautement Buse | Faon
1%
Aucun quiz correspondant
Distribution des résultats
% des personnes avec chaque résultat
Percentile par nombre de réponses
Votre historique - résultats
Vous n’avez pas pris ce quiz